| 000 | 00388cam a2200157ua 4500 | ||
|---|---|---|---|
| 003 | OSt | ||
| 008 | 250512b |||||||| |||| 00| 0 eng d | ||
| 020 | _a81-219-0520-6 | ||
| 082 |
_a624.171 _bKHU/TH |
||
| 100 | _aKhurmi, R.S . | ||
| 245 | _aTheory of structures / | ||
| 250 | _a1 / | ||
| 260 |
_aNew Delhi : _bS. Chand and Company Limited. _c2012 |
||
| 300 | _a771 / 702 | ||
| 942 | _cBK | ||
| 999 |
_c2542 _d2542 |
||